[Event "II Festival A"]
[Site "Bernate Ticino ITA"]
[Date "1999.07.11"]
[Round "7"]
[White "Quagliarella, Sabino Remo"]
[Black "Orlando, Luigi"]
[Result "0-1"]
[WhiteElo "1814"]
[BlackElo "1722"]
[PlyCount "136"]
[EventDate "1999.07.08"]

1.d4 Nf6 2.c4 g6 3.Nc3 Bg7 4.e4 d6 5.f3 O-O 6.Be3 e5 7.d5 c6 8.Qd2 cxd5 9.
cxd5 Nbd7 10.Rc1 a6 11.Bd3 Nc5 12.Bb1 h5 13.Nge2 Kh7 14.O-O Ng8 15.b4 Nd7 
16.a4 Bh6 17.Bd3 Bxe3+ 18.Qxe3 Nh6 19.Rc2 f5 20.Rfc1 f4 21.Qf2 g5 22.a5 g4
23.Na4 Qg5 24.Kh1 h4 25.Nb6 g3 26.Qg1 Nxb6 27.Qxb6 h3 28.Rxc8 hxg2+ 29.
Kxg2 gxh2+ 30.Kxh2 Qh4+ 31.Kg2 Rg8+ 32.Rxg8 Rxg8+ 33.Kf1 Qh1+ 34.Ng1 Qg2+ 
35.Ke1 Qxg1+ 36.Qxg1 Rxg1+ 37.Bf1 Rg7 38.Rc8 Nf7 39.Bh3 Rg1+ 40.Kf2 Rb1 
41.Rc7 Rb2+ 42.Ke1 Kg6 43.Rxb7 Ng5 44.Bg4 Rb3 45.Rb6 Nxf3+ 46.Bxf3 Rxf3 
47.Rxd6+ Kg5 48.Rxa6 Re3+ 49.Kf2 Rxe4 50.Rb6 Rd4 51.a6 Rd2+ 52.Ke1 Ra2 53.
d6 Kf6 54.b5 Ke6 55.Rc6 Kd7 56.Kd1 f3 57.Ke1 e4 58.Rc3 Ke6 59.Rb3 Ra1+ 60.
Kf2 Ra2+ 61.Ke3 Re2+ 62.Kd4 f2 63.a7 f1=Q 64.a8=Q Qd1+ 65.Kc4 Rc2+ 66.Kb4 
Qd4+ 67.Ka3 Qa1+ 68.Kb4 Qxa8 0-1

[Event "II Festival A"]
[Site "Bernate Ticino ITA"]
[Date "1999.07.11"]
[Round "7"]
[White "Rossi, Giampiero"]
[Black "Bellini, Roberto"]
[Result "1-0"]
[WhiteElo "2020"]
[BlackElo "1461"]
[PlyCount "109"]
[EventDate "1999.07.08"]

1.d4 d5 2.c4 e6 3.Nc3 Nf6 4.cxd5 exd5 5.Bg5 Be7 6.e3 c6 7.Qc2 a5 8.Bd3 h6 
9.Bh4 Nbd7 10.Nge2 Ne4 11.Bxe7 Qxe7 12.Bxe4 dxe4 13.Qxe4 Nf6 14.Qxe7+ Kxe7
15.O-O Be6 16.Rfc1 Rhd8 17.Na4 g5 18.Nc5 Bd5 19.Nc3 b5 20.Nxd5+ Nxd5 21.
Nd3 Rd6 22.Rc5 f6 23.Rac1 Nb4 24.Nxb4 axb4 25.Rxc6 Rxc6 26.Rxc6 Rxa2 27.g4
Rxb2 28.Rb6 Rb1+ 29.Kg2 b3 30.Rxb5 Kd6 31.Kf3 Kc6 32.Rb4 b2 33.Ke4 Rh1 34.
Rxb2 Rxh2 35.Kf5 Rg2 36.e4 Kc7 37.d5 Kd7 38.Rd2 Kd6 39.Kxf6 Rxg4 40.e5+ 
Kd7 41.Kg6 Re4 42.e6+ Kd6 43.Kxh6 Re5 44.Kh5 Rf5 45.Kg4 Re5 46.f3 Re3 47.
Rd4 Re1 48.Kxg5 Kc5 49.Re4 Rg1+ 50.Kf6 Kxd5 51.e7 Rg3 52.e8=Q Rxf3+ 53.Kg5
Rc3 54.Qe6+ Kc5 55.Qe5+ 1-0

[Event "II Festival A"]
[Site "Bernate Ticino ITA"]
[Date "1999.07.11"]
[Round "7"]
[White "Sartorio, Diego"]
[Black "Sanzani, Pierluigi"]
[Result "1/2-1/2"]
[WhiteElo "1594"]
[BlackElo "1699"]
[PlyCount "51"]
[EventDate "1999.07.08"]

1.e4 c5 2.c3 Nf6 3.e5 Nd5 4.g3 e6 5.Na3 Nc6 6.Qe2 d6 7.exd6 Bxd6 8.Bg2 O-O
9.Nf3 a6 10.Nc4 Be7 11.d3 b5 12.Nce5 Qc7 13.O-O Bb7 14.Bd2 Nf6 15.Rac1 Nd7
16.d4 Ncxe5 17.dxe5 Rad8 18.Rfd1 Bxf3 19.Bxf3 Nxe5 20.Bf4 Nxf3+ 21.Qxf3 e5
22.Be3 f6 23.Rd5 Qb7 24.Rcd1 Rd6 25.Bxc5 Rxd5 26.Qxd5+ 1/2-1/2

[Event "C.to Italiano Semifinale"]
[Site "Saint Vincent - Chatillon ITA"]
[Date "1999.06.20"]
[Round "1"]
[White "Bellia, Fabrizio"]
[Black "Ranieri, Fabrizio"]
[Result "1/2-1/2"]
[WhiteElo "2340"]
[BlackElo "2166"]
[PlyCount "50"]
[EventDate "1999.06.20"]

1. e4 e6 2. d4 d5 3. Nd2 Nf6 4. e5 Nfd7 5. Bd3 c5 6. c3 Nc6 7. Ne2 cxd4 8. cxd4
f6 9. exf6 Nxf6 10. O-O Bd6 11. Nf3 O-O 12. Bf4 Bxf4 13. Nxf4 Ne4 14. Ne2 Rxf3
15. gxf3 Ng5 16. Kh1 e5 17. dxe5 Nxf3 18. Ng1 Nfxe5 19. f3 Be6 20. f4 Nxd3 21.
Qxd3 d4 22. Nf3 Qd5 23. Kg1 Rf8 24. Nd2 Rf6 25. Rf3 Bg4 1/2-1/2

[Event "C.to Italiano Semifinale"]
[Site "Saint Vincent - Chatillon ITA"]
[Date "1999.06.20"]
[Round "1"]
[White "Castaldo, Folco"]
[Black "Tatai, Stefano"]
[Result "1-0"]
[WhiteElo "2192"]
[BlackElo "2359"]
[PlyCount "103"]
[EventDate "1999.06.20"]

1. e4 c5 2. c3 d6 3. d4 Nf6 4. Bd3 Nc6 5. Nf3 e5 6. d5 Nb8 7. O-O Be7 8. h3 O-O
9. Nbd2 Ne8 10. a4 g6 11. b4 Nd7 12. Nc4 Ng7 13. Nh2 f5 14. f4 fxe4 15. Bxe4
cxb4 16. fxe5 Nxe5 17. Rxf8+ Bxf8 18. Nxe5 dxe5 19. cxb4 Bxb4 20. Nf3 Nh5 21.
Qb3 Qb6+ 22. Be3 Bc5 23. Qxb6 axb6 24. Bxc5 bxc5 25. Nxe5 Ng3 26. Bd3 Nf5 27.
Nc4 Ra6 28. a5 Ra7 29. g4 b5 30. Nb6 Nd6 31. Nxc8 Nxc8 32. Bxb5 Nd6 33. Bc6 Ra6
34. g5 Kf8 35. Kg2 c4 36. Kf3 Ke7 37. Ke3 Nf5+ 38. Ke4 Ra7 39. a6 Kd6 40. Bb7
Kc5 41. Ke5 Nd6 42. Rb1 Ne8 43. Rf1 Nd6 44. Rf6 Nxb7 45. Rc6+ Kb5 46. axb7 Rxb7
47. Rc8 Re7+ 48. Kf6 Re3 49. d6 Rd3 50. Ke7 Re3+ 51. Kd8 c3 52. d7 1-0

[Event "C.to Italiano Semifinale"]
[Site "Saint Vincent - Chatillon ITA"]
[Date "1999.06.20"]
[Round "1"]
[White "Ciuffoletti, Paolo"]
[Black "Vezzosi, Paolo"]
[Result "0-1"]
[WhiteElo "2163"]
[BlackElo "2339"]
[PlyCount "62"]
[EventDate "1999.06.20"]

1. e4 e6 2. Nf3 d5 3. e5 c5 4. b4 cxb4 5. a3 Nh6 6. axb4 Bxb4 7. c3 Be7 8. d4
Nf5 9. Bd3 Nc6 10. O-O h5 11. Ba3 a6 12. Re1 Rb8 13. Nfd2 g6 14. Nb3 Bd7 15.
N1d2 Bxa3 16. Rxa3 Na7 17. Nc5 Bb5 18. Bc2 Nc6 19. Ba4 Qe7 20. Qb1 Bxa4 21.
Rxa4 O-O 22. Qb6 Rfc8 23. Rb1 Nxe5 24. Nxb7 Nc4 25. Nxc4 Rxc4 26. Rxc4 dxc4 27.
Qa7 Qc7 28. Qb6 Qxb6 29. Rxb6 Ne7 30. Rb2 Nd5 31. Kf1 a5 0-1

[Event "C.to Italiano Semifinale"]
[Site "Saint Vincent - Chatillon ITA"]
[Date "1999.06.20"]
[Round "1"]
[White "Ferri, Stefano"]
[Black "Scavo, Fernando"]
[Result "0-1"]
[WhiteElo "2091"]
[BlackElo "2301"]
[PlyCount "126"]
[EventDate "1999.06.20"]

1. d4 c5 2. e4 cxd4 3. c3 Nf6 4. e5 Nd5 5. cxd4 Nc6 6. Nf3 g6 7. Bc4 Nb6 8. Bb3
Bg7 9. Nc3 O-O 10. Bf4 d6 11. h3 dxe5 12. dxe5 Be6 13. O-O Qc8 14. Qe2 Bxb3 15.
axb3 Qf5 16. Qe4 Qxe4 17. Nxe4 Nd7 18. Rfe1 Ndxe5 19. Nxe5 Nxe5 20. Nc5 Nc6 21.
Nxb7 Bxb2 22. Ra6 Rfc8 23. Re2 Bf6 24. Kh2 Nb4 25. Ra4 Nd5 26. Be5 Nc3 27. Bxc3
Rxc3 28. Rea2 Rxb3 29. Rxa7 Rxa7 30. Rxa7 Be5+ 31. g3 Bb8 32. Nc5 Bxa7 33. Nxb3
Bxf2 34. Kg2 Bb6 35. Kf3 Kg7 36. Nd2 f5 37. Nc4 Bc7 38. Ne3 e6 39. Nf1 Kf6 40.
Ne3 Ke5 41. Nc2 Kd5 42. Nb4+ Kd6 43. Nc2 e5 44. g4 Bb6 45. Nb4 Bc5 46. Nc2 Kd5
47. Ne1 e4+ 48. Kf4 Bb4 49. Nc2 Bd2+ 50. Kg3 f4+ 51. Kf2 Ba5 52. h4 Kc4 53.
Na3+ Kd3 54. h5 gxh5 55. gxh5 e3+ 56. Kf3 e2 57. Nc2 Kxc2 58. Kxe2 Bc7 59. Kf3
Kd3 60. Kf2 Ke4 61. Kg2 Ke3 62. Kf1 Ba5 63. h6 f3 0-1

[Event "C.to Italiano Semifinale"]
[Site "Saint Vincent - Chatillon ITA"]
[Date "1999.06.20"]
[Round "1"]
[White "Iotti, Pierluigi"]
[Black "Costantini, Roberto"]
[Result "1/2-1/2"]
[WhiteElo "2318"]
[BlackElo "2158"]
[PlyCount "116"]
[EventDate "1999.06.20"]

1. d4 Nf6 2. c4 c5 3. d5 b5 4. cxb5 a6 5. bxa6 g6 6. g3 Bxa6 7. Bg2 d6 8. Nf3
Bg7 9. O-O Nbd7 10. Nc3 Nb6 11. Nd2 O-O 12. Qc2 Ra7 13. Rd1 Qa8 14. Nf1 Bb7 15.
Ne3 Ne8 16. b3 Nc7 17. Bb2 Bd4 18. Nc4 Nxc4 19. bxc4 Rb8 20. e3 Bg7 21. a4 Bc8
22. Nb5 Bxb2 23. Qxb2 Rbb7 24. e4 Rxa4 25. e5 Nxb5 26. cxb5 Rxb5 27. Qc3 Rba5
28. Rxa4 Rxa4 29. exd6 exd6 30. Qf6 Rd4 31. Re1 Bb7 32. Qxd6 c4 33. Qc5 Rd2 34.
Qxc4 Bxd5 35. Qc3 Bxg2 36. Qxd2 Bh1 37. f3 Bxf3 38. Qe3 Bd5 39. Qe8+ Qxe8 40.
Rxe8+ Kg7 41. Kf2 Be6 42. Ke3 Kf6 43. Kf4 h5 44. Rg8 Bf5 45. Ke3 Ke5 46. Kd2
Be6 47. Kc3 Bf5 48. Kc4 Bg4 49. Kc5 Be6 50. Kc6 Bd5+ 51. Kc7 Be6 52. Kd8 Kf6
53. Ke8 Bd5 54. Kf8 Be6 55. Rg7 Kg5 56. Rxf7 Bxf7 57. Kxf7 h4 58. gxh4+ Kxh4
1/2-1/2

[Event "C.to Italiano Semifinale"]
[Site "Saint Vincent - Chatillon ITA"]
[Date "1999.06.20"]
[Round "1"]
[White "Luciani, Valerio"]
[Black "D'Innocente, Stefano"]
[Result "1-0"]
[WhiteElo "2238"]
[BlackElo "1693"]
[PlyCount "53"]
[EventDate "1999.06.20"]

1. c4 Nf6 2. Nc3 g6 3. g3 Bg7 4. Bg2 O-O 5. Nf3 d6 6. O-O Nbd7 7. d3 e5 8. Qc2
a5 9. b3 Nc5 10. Bb2 Bd7 11. Rad1 Bc6 12. e4 Re8 13. Rfe1 Ne6 14. d4 Nxd4 15.
Nxd4 exd4 16. Rxd4 Qd7 17. Red1 Qe7 18. f3 Nh5 19. R4d3 Qg5 20. Nd5 Bxd5 21.
cxd5 Bxb2 22. Qxb2 Rac8 23. Qc1 Qe7 24. Bh3 Rcd8 25. Rc3 c5 26. dxc6 bxc6 27.
Rxc6 1-0

[Event "C.to Italiano Semifinale"]
[Site "Saint Vincent - Chatillon ITA"]
[Date "1999.06.20"]
[Round "1"]
[White "Malfagia, Andrea"]
[Black "Dorighet, Claudio"]
[Result "0-1"]
[WhiteElo "2308"]
[BlackElo "2110"]
[PlyCount "58"]
[EventDate "1999.06.20"]

1. e4 c5 2. Nf3 d6 3. d4 cxd4 4. Nxd4 Nf6 5. Nc3 g6 6. Be3 Bg7 7. f3 Nc6 8. Qd2
O-O 9. O-O-O Nxd4 10. Bxd4 Be6 11. Kb1 Qc7 12. g4 Rfc8 13. h4 Qa5 14. a3 Rab8
15. h5 b5 16. hxg6 fxg6 17. Qg5 Qc7 18. Bd3 b4 19. Nd5 Bxd5 20. exd5 bxa3 21.
Rxh7 Nxh7 22. Qxg6 Nf6 23. Bf5 e5 24. dxe6 Rxb2+ 25. Ka1 Rf8 26. g5 Qc4 27.
Bxb2 axb2+ 28. Kb1 Qa4 29. Kxb2 Nd5+ 0-1

[Event "C.to Italiano Semifinale"]
[Site "Saint Vincent - Chatillon ITA"]
[Date "1999.06.20"]
[Round "1"]
[White "Mauro, Alan"]
[Black "Petruccioli, Antonio"]
[Result "1-0"]
[WhiteElo "2263"]
[BlackElo "2013"]
[PlyCount "111"]
[EventDate "1999.06.20"]

1. e4 c5 2. Nf3 a6 3. d4 cxd4 4. Nxd4 Nf6 5. Bd3 e6 6. O-O Qc7 7. Kh1 b5 8. f4
d6 9. Qe1 Nc6 10. Nxc6 Qxc6 11. a4 bxa4 12. Nc3 Bb7 13. Rxa4 Be7 14. Rc4 Qd7
15. e5 d5 16. Ra4 d4 17. exf6 dxc3 18. b3 gxf6 19. Qg3 f5 20. Qg7 Rf8 21. Be2
Rc8 22. Rd1 Qc6 23. Rc4 Bf6 24. Qg3 Qb6 25. Be3 Qa5 26. Ra4 Qc7 27. Bxa6 Bxa6
28. Rxa6 Qb7 29. Ra7 Qe4 30. Qf2 Rg8 31. Ra4 Qb7 32. Ra7 Qe4 33. Rd3 Ra8 34.
Rdd7 Rxa7 35. Rxa7 Qd5 36. Qf3 Rg6 37. b4 Kf8 38. Qxd5 exd5 39. Bc5+ Ke8 40. b5
d4 41. b6 Bd8 42. b7 Bc7 43. Bxd4 Rd6 44. Ra4 Kd7 45. g3 Kc6 46. Rb4 Rd8 47.
Bxc3 Bb8 48. Be5 Bxe5 49. fxe5 Rb8 50. Kg2 Kd5 51. Kf3 Kxe5 52. c3 f6 53. Rb5+
Ke6 54. Kf4 h6 55. c4 h5 56. h4 1-0

[Event "C.to Italiano Semifinale"]
[Site "Saint Vincent - Chatillon ITA"]
[Date "1999.06.20"]
[Round "1"]
[White "Pantaleoni, Claudio"]
[Black "Martorelli, Antonio"]
[Result "0-1"]
[WhiteElo "2184"]
[BlackElo "2346"]
[PlyCount "126"]
[EventDate "1999.06.20"]

1. Nf3 Nf6 2. c4 g6 3. Nc3 Bg7 4. g3 O-O 5. Bg2 d6 6. O-O Nc6 7. Rb1 a5 8. a3
Nh5 9. d3 f5 10. Bd2 f4 11. b4 axb4 12. axb4 Bg4 13. Nd5 fxg3 14. hxg3 Nd4 15.
Bg5 Rf7 16. Nxd4 Bxd4 17. Ne3 Qc8 18. Nxg4 Qxg4 19. e3 Qxg5 20. exd4 Rf5 21.
Rb2 Raf8 22. Re2 Nf6 23. Qe1 Ng4 24. f3 Nh6 25. Rxe7 R5f7 26. Rxf7 Kxf7 27. Bh3
Re8 28. Qf2 Re3 29. Kg2 Qe7 30. d5 Rxd3 31. Be6+ Kg7 32. Qa7 Rc3 33. Qxb7 Rxc4
34. Qb5 Rc3 35. Rf2 Rc1 36. Re2 Nf7 37. Qd3 Ne5 38. Qd2 Rb1 39. Qc3 Kh6 40. Re4
g5 41. Qc2 Ra1 42. Qb2 Qf6 43. f4 Rg1+ 44. Kxg1 Nf3+ 45. Kf2 Qxb2+ 46. Kxf3
Qb3+ 47. Kg4 Qd1+ 48. Kf5 Qh5 49. Re3 Qg6+ 50. Kg4 gxf4+ 51. Kxf4 Qf6+ 52. Kg4
Qd4+ 53. Kf3 Qxb4 54. Re4 Qc3+ 55. Re3 Qf6+ 56. Ke2 Kg5 57. g4 Qb2+ 58. Kf3 Qb1
59. Re2 Qh1+ 60. Rg2 h6 61. Kg3 c6 62. Kf2 c5 63. Kg3 c4 0-1

[Event "C.to Italiano Semifinale"]
[Site "Saint Vincent - Chatillon ITA"]
[Date "1999.06.20"]
[Round "1"]
[White "Pegoraro, Nicola"]
[Black "Caposciutti, Maurizio"]
[Result "0-1"]
[WhiteElo "2072"]
[BlackElo "2273"]
[PlyCount "92"]
[EventDate "1999.06.20"]

1. e4 c5 2. Nf3 Nc6 3. d4 cxd4 4. Nxd4 Nf6 5. Nc3 d6 6. Be2 e5 7. Nb3 Be7 8.
O-O O-O 9. Kh1 a5 10. a4 Nb4 11. Be3 Be6 12. f4 exf4 13. Rxf4 d5 14. e5 Ne4 15.
Bd4 Bg5 16. Rf1 Nc6 17. Bd3 Nd2 18. Nxd2 Nxd4 19. Nf3 Nc6 20. Re1 Bh4 21. Rf1
Be7 22. Nb5 Bg4 23. Qe1 g6 24. Qe3 Re8 25. Rad1 Bf8 26. Bc4 Nxe5 27. Bxd5 Bxf3
28. Bxf7+ Nxf7 29. Rxd8 Rxe3 30. Rxa8 Bc6 31. Nd6 Nxd6 32. Raxf8+ Kg7 33. h3
Nf5 34. Rd8 Re2 35. Rg1 Rxc2 36. Rd3 Kh6 37. b3 Kg5 38. Kh2 h5 39. Kh1 Kh6 40.
Kh2 Kg5 41. Kh1 Be4 42. Rd7 Rc3 43. h4+ Kxh4 44. Re1 Bc6 45. Rdd1 Rxb3 46. Rb1
Bxa4 0-1

[Event "C.to Italiano Semifinale"]
[Site "Saint Vincent - Chatillon ITA"]
[Date "1999.06.20"]
[Round "1"]
[White "Rettore, Ludwig"]
[Black "Ventura, Sergio"]
[Result "1-0"]
[WhiteElo "1675"]
[BlackElo "2209"]
[PlyCount "103"]
[EventDate "1999.06.20"]

1. e4 d6 2. d4 g6 3. f4 c6 4. Nf3 d5 5. e5 Bg4 6. Bd3 e6 7. O-O h5 8. c3 Nh6 9.
Qb3 Qb6 10. Nbd2 Nd7 11. Ng5 c5 12. Qxb6 axb6 13. Bb5 Be7 14. Ndf3 Ra5 15. a4
Bf5 16. b4 cxb4 17. cxb4 Bxb4 18. Ba3 Bxa3 19. Rxa3 Ke7 20. Rc1 Rd8 21. Rc7 Ra7
22. Nh7 Ng8 23. Rac3 Be4 24. Nf6 Ngxf6 25. exf6+ Kxf6 26. Bxd7 Bxf3 27. gxf3
Kf5 28. Bb5 Rf8 29. Rc8 Rxc8 30. Rxc8 Kxf4 31. Kf2 Kf5 32. Ke3 Kg5 33. Rf8 Kf6
34. h4 Ke7 35. Re8+ Kf6 36. Kf4 Ra5 37. Rc8 Ra7 38. Rb8 g5+ 39. hxg5+ Kg6 40.
Rh8 Kg7 41. Rxh5 Ra8 42. Rh1 Rc8 43. Re1 Rc3 44. Re3 Rc1 45. Ke5 Kg6 46. f4 Rc8
47. Rh3 Rc1 48. Bd3+ Kg7 49. Rh7+ Kg8 50. Kf6 Rc3 51. Rg7+ Kh8 52. Rxf7 1-0

[Event "C.to Italiano Semifinale"]
[Site "Saint Vincent - Chatillon ITA"]
[Date "1999.06.20"]
[Round "1"]
[White "Rossato, Armando"]
[Black "Mariano, Elia"]
[Result "1/2-1/2"]
[WhiteElo "1959"]
[BlackElo "2254"]
[PlyCount "116"]
[EventDate "1999.06.20"]

1. d4 d5 2. Nf3 Nf6 3. e3 Bf5 4. c4 e6 5. Qb3 Qc8 6. Nc3 c6 7. Bd2 Bd6 8. Rc1
Nbd7 9. Nh4 Bg6 10. cxd5 exd5 11. Nxg6 hxg6 12. g3 Qb8 13. Bg2 O-O 14. O-O Re8
15. Rfe1 Ne4 16. Nxe4 dxe4 17. Qc2 Nf6 18. Re2 Qc8 19. f3 exf3 20. Bxf3 Qf5 21.
Bg2 Qxc2 22. Rxc2 Ne4 23. a3 f5 24. Bb4 Bxb4 25. axb4 a6 26. Rc1 Rad8 27. Bxe4
Rxe4 28. Rc5 Rdxd4 29. exd4 Rxe2 30. d5 cxd5 31. b5 Rxb2 32. bxa6 bxa6 33. Rxd5
Rb8 34. Ra5 Ra8 35. Kf2 Kf7 36. Kf3 Kf6 37. h4 g5 38. hxg5+ Kxg5 39. Kf2 Kf6
40. Kf3 Ra7 41. Kf4 g5+ 42. Kf3 Kg6 43. Ke3 Re7+ 44. Kf3 Re6 45. Kf2 Kf6 46.
Kf3 Rc6 47. Ke3 Re6+ 48. Kf3 g4+ 49. Kf2 Rc6 50. Ke3 Rc3+ 51. Kf2 Rc2+ 52. Kg1
Rc6 53. Kf2 Rd6 54. Ke3 Re6+ 55. Kf2 Ke7 56. Kg1 Rf6 57. Kf2 Kf7 58. Ke3 Kg6
1/2-1/2

[Event "C.to Italiano Semifinale"]
[Site "Saint Vincent - Chatillon ITA"]
[Date "1999.06.20"]
[Round "1"]
[White "Rossi, Carlo"]
[Black "Collutiis, Duilio"]
[Result "0-1"]
[WhiteElo "2371"]
[BlackElo "2196"]
[PlyCount "82"]
[EventDate "1999.06.20"]

1. e4 c5 2. Nf3 e6 3. d3 Nc6 4. c3 d5 5. Nbd2 Bd6 6. g3 Nge7 7. Bg2 O-O 8. O-O
b6 9. Re1 Qc7 10. Nh4 Ng6 11. Nxg6 hxg6 12. exd5 exd5 13. Bxd5 Bb7 14. Ne4 Rab8
15. Ng5 Ne5 16. Bxb7 Qxb7 17. Bf4 Rfe8 18. d4 cxd4 19. cxd4 Nc4 20. Qg4 Bxf4
21. Qxf4 f6 22. Ne6 Nxb2 23. Re2 Nd3 24. Qd6 Qe7 25. Qd5 Qf7 26. Qb3 Ne5 27. d5
g5 28. Rae1 g4 29. Rxe5 fxe5 30. Ng5 Qf5 31. d6+ Kh8 32. Nf7+ Kh7 33. Qd5 Rf8
34. f4 gxf3 35. Rxe5 Qxf7 36. Qe4+ Kg8 37. Re7 Qxa2 38. Rxg7+ Kxg7 39. Qg4+ Kf6
40. Qh4+ Ke6 41. Qe7+ Kd5 0-1

[Event "C.to Italiano Semifinale"]
[Site "Saint Vincent - Chatillon ITA"]
[Date "1999.06.20"]
[Round "1"]
[White "Sarno, Spartaco"]
[Black "Astengo, Corrado"]
[Result "1/2-1/2"]
[WhiteElo "2358"]
[BlackElo "2191"]
[PlyCount "105"]
[EventDate "1999.06.20"]

1. c4 Nf6 2. Nf3 b6 3. g3 Bb7 4. Bg2 e6 5. O-O Be7 6. b3 O-O 7. Bb2 d6 8. Qc2
Nbd7 9. Nc3 Re8 10. d4 Bf8 11. Rad1 Qe7 12. e4 e5 13. d5 g6 14. Ne1 Bg7 15. Nd3
Nc5 16. Nc1 a5 17. a3 Qd7 18. N1e2 Rf8 19. Nb5 Ne8 20. Nec3 f5 21. Bh3 Qf7 22.
f4 Bc8 23. b4 axb4 24. axb4 Na6 25. Qb3 exf4 26. Rxf4 Bh6 27. Rff1 Ng7 28. exf5
gxf5 29. Bg2 f4 30. Nd4 Bg4 31. Rde1 Rae8 32. Ne4 Qg6 33. gxf4 Rxf4 34. Rxf4
Bxf4 35. Nc6 Nh5 36. Qc3 Be5 37. Nxe5 dxe5 38. Rf1 Bf5 39. Ng3 Nxg3 40. hxg3
Nb8 41. c5 bxc5 42. bxc5 Be4 43. Bxe4 Qxe4 44. Qb3 Kh8 45. Rf4 Qe1+ 46. Kg2
Qe2+ 47. Rf2 Qe4+ 48. Kh2 Nd7 49. d6 cxd6 50. cxd6 Qg6 51. Qf7 Rg8 52. Qxg6
Rxg6 53. Rf5 1/2-1/2

[Event "C.to Italiano Semifinale"]
[Site "Saint Vincent - Chatillon ITA"]
[Date "1999.06.20"]
[Round "1"]
[White "Tocco, Paolo"]
[Black "Aldrovandi, Costantino"]
[Result "0-1"]
[WhiteElo "2150"]
[BlackElo "2309"]
[PlyCount "104"]
[EventDate "1999.06.20"]

1. e4 c5 2. Nc3 d6 3. g3 Nc6 4. Bg2 g6 5. d3 Bg7 6. Be3 e6 7. Qd2 Nd4 8. Nd1
Ne7 9. c3 Ndc6 10. Nf3 b6 11. O-O Ba6 12. Re1 Ne5 13. c4 O-O 14. Bh6 N7c6 15.
Bxg7 Kxg7 16. Rf1 b5 17. Ne3 bxc4 18. dxc4 Nxf3+ 19. Bxf3 Nd4 20. Bg2 Rb8 21.
b3 f5 22. exf5 gxf5 23. Rfe1 Bb7 24. f4 Rf7 25. Rad1 Bf3 26. Rc1 Qf6 27. Nc2
Bxg2 28. Nxd4 cxd4 29. Kxg2 e5 30. c5 e4 31. Rc4 d3 32. cxd6 h5 33. Rec1 Rd8
34. Rc6 Rxd6 35. Rxd6 Qxd6 36. Qc3+ Kh7 37. Kf2 Qa6 38. a4 Qb6+ 39. Kg2 Qe3 40.
Qc4 Rg7 41. Qc5 Qf3+ 42. Kg1 Qg4 43. Qe3 h4 44. Kg2 h3+ 45. Kg1 Rd7 46. Qd2 Qf3
47. Re1 Rc7 48. Qf2 Qxf2+ 49. Kxf2 Rc2+ 50. Ke3 Rxh2 51. Rb1 Re2+ 52. Kd4 d2
0-1

[Event "C.to Italiano Semifinale"]
[Site "Saint Vincent - Chatillon ITA"]
[Date "1999.06.20"]
[Round "1"]
[White "Valenti, Giuseppe"]
[Black "Camerini, Lorenzo"]
[Result "1/2-1/2"]
[WhiteElo "2200"]
[BlackElo "1621"]
[PlyCount "91"]
[EventDate "1999.06.20"]

1. e4 e6 2. d4 d5 3. Nd2 Nf6 4. e5 Nfd7 5. Bd3 c5 6. c3 Nc6 7. Ngf3 cxd4 8.
cxd4 Qb6 9. O-O Nxd4 10. Nxd4 Qxd4 11. Nf3 Qb6 12. Qa4 Qb4 13. Qc2 Qc5 14. Qa4
Qb4 15. Qc2 Qc5 16. Qe2 Qb6 17. Bf4 Nc5 18. Bb1 Bd7 19. Re1 Na4 20. Bc2 Bb5 21.
Qd2 Nxb2 22. Rab1 Nc4 23. Qc3 Qa6 24. Nd4 Bd7 25. Qb3 Bc5 26. Nf3 Qb6 27. Qd3
Bxf2+ 28. Kf1 Qc5 29. Re2 Na3 30. Rb3 Bb5 31. Rxb5 Nxb5 32. Rxf2 Na3 33. Bc1
Nc4 34. Ng5 Nxe5 35. Ba4+ Kd8 36. Nxf7+ Nxf7 37. Ba3 Ne5 38. Qg3 Qc4+ 39. Re2
Qxa4 40. Rxe5 Qb5+ 41. Re2 Qd7 42. Qg5+ Kc7 43. Qc1+ Kd8 44. Qg5+ Kc7 45. Qc1+
Kd8 46. Qg5+ 1/2-1/2

[Event "C.to Italiano Semifinale"]
[Site "Saint Vincent - Chatillon ITA"]
[Date "1999.06.20"]
[Round "1"]
[White "Wild, Alexander"]
[Black "Nannelli, Paolo"]
[Result "0-1"]
[WhiteElo "1732"]
[BlackElo "2239"]
[PlyCount "76"]
[EventDate "1999.06.20"]

1. e4 e5 2. Nf3 d6 3. Bc4 Be7 4. O-O Nf6 5. Nc3 O-O 6. h3 c6 7. d3 b5 8. Bb3 a5
9. a4 b4 10. Ne2 Nbd7 11. Ng3 Nc5 12. Ba2 Qc7 13. b3 Re8 14. Bb2 Ne6 15. Nf5
Bf8 16. Qd2 Nf4 17. N3h4 h6 18. Kh2 g5 19. g3 Ng6 20. Nxg6 fxg6 21. Ne3 h5 22.
Ng2 Bh6 23. f3 Bxh3 24. Qf2 Bc8 25. d4 Rf8 26. Qe2 Ba6 27. Qe1 Bxf1 28. Qxf1 g4
29. dxe5 dxe5 30. Nh4 Kh7 31. Bc1 gxf3 32. Bxh6 Ng4+ 33. Kh1 Nxh6 34. Nxf3 Qe7
35. Qe2 Rad8 36. Rf1 Ng4 37. Kg2 Kg7 38. Re1 Qc5 0-1

[Event "C.to Italiano Semifinale"]
[Site "Saint Vincent - Chatillon ITA"]
[Date "1999.06.21"]
[Round "2"]
[White "Aldrovandi, Costantino"]
[Black "Castaldo, Folco"]
[Result "1-0"]
[WhiteElo "2309"]
[BlackElo "2192"]
[PlyCount "105"]
[EventDate "1999.06.20"]

1. e4 e6 2. d4 d5 3. e5 c5 4. c3 Qb6 5. Nf3 Nc6 6. a3 Nh6 7. b4 cxd4 8. cxd4
Nf5 9. Be3 Nxe3 10. fxe3 g6 11. Bd3 Bh6 12. Qe2 O-O 13. g4 Qd8 14. b5 Na5 15.
Nbd2 f6 16. exf6 Qxf6 17. h4 Bg7 18. h5 Nc4 19. hxg6 Nxd2 20. gxh7+ Kh8 21. Ne5
Ne4 22. Bxe4 dxe4 23. O-O-O Bd7 24. g5 Qf5 25. Rdf1 Qxg5 26. Rfg1 Rf1+ 27. Kd2
Qxg1 28. Qxf1 Qxh1 29. Qxh1 Bxe5 30. dxe5 Bxb5 31. Qxe4 Rd8+ 32. Kc3 Rc8+ 33.
Kd2 Bc6 34. Qg6 Bd5 35. e4 Bc4 36. Qf7 b5 37. Qxa7 Rd8+ 38. Ke3 Rd3+ 39. Kf4
Rd1 40. Kg5 Rd2 41. a4 Rg2+ 42. Kf6 Bd3 43. Qe3 Bc4 44. axb5 Bxb5 45. Kxe6 Rg7
46. Kf6 Be8 47. e6 Kxh7 48. Qh3+ Kg8 49. Qh6 Rh7 50. Qg5+ Kh8 51. e5 Bc6 52.
Qc1 Be8 53. Qc8 1-0

[Event "C.to Italiano Semifinale"]
[Site "Saint Vincent - Chatillon ITA"]
[Date "1999.06.21"]
[Round "2"]
[White "Astengo, Corrado"]
[Black "Rossato, Armando"]
[Result "1/2-1/2"]
[WhiteElo "2191"]
[BlackElo "1959"]
[PlyCount "93"]
[EventDate "1999.06.20"]

1. e4 e6 2. d4 d5 3. Nd2 dxe4 4. Nxe4 Bd7 5. Nf3 Bc6 6. Bd3 Nf6 7. Bg5 Be7 8.
Ng3 Nbd7 9. Qe2 Nd5 10. Bd2 Nb4 11. Bxb4 Bxb4+ 12. c3 Be7 13. O-O Bxf3 14. Qxf3
c6 15. Rfe1 Nf6 16. Rad1 Qc7 17. b4 O-O 18. Nh5 Rfd8 19. Re3 Rd5 20. Nxf6+ Bxf6
21. Be4 Rd6 22. h4 Qe7 23. h5 Rad8 24. Rde1 g6 25. Qh3 Bg7 26. Rg3 b6 27. hxg6
hxg6 28. Ree3 c5 29. bxc5 bxc5 30. d5 c4 31. dxe6 Rxe6 32. Bxg6 Rd1+ 33. Kh2
Rxe3 34. Bh7+ Kf8 35. Rxe3 Qc7+ 36. g3 Rd6 37. Kg2 Rh6 38. Qf5 Qc6+ 39. Qe4
Qxe4+ 40. Bxe4 Ra6 41. a4 Bh6 42. Rf3 Rd6 43. Rf5 Bg7 44. Bd5 Rd7 45. Bxc4 Bxc3
46. Rc5 Bb4 47. Rb5 1/2-1/2

[Event "C.to Italiano Semifinale"]
[Site "Saint Vincent - Chatillon ITA"]
[Date "1999.06.21"]
[Round "2"]
[White "Bonaccorsi, Fabrizio"]
[Black "Iotti, Pierluigi"]
[Result "0-1"]
[WhiteElo "2086"]
[BlackElo "2318"]
[PlyCount "62"]
[EventDate "1999.06.20"]

1. Nf3 Nf6 2. c4 e6 3. d4 b6 4. a3 Bb7 5. Nc3 d5 6. cxd5 Nxd5 7. Qc2 Be7 8. e4
Nxc3 9. bxc3 c5 10. Bd3 Nd7 11. O-O Qc7 12. Qe2 cxd4 13. cxd4 O-O 14. Bg5 Bxg5
15. Nxg5 Qf4 16. Nh3 Qd6 17. e5 Qd5 18. Qg4 f5 19. Qg3 Qxd4 20. Nf4 Nc5 21.
Rad1 Qxe5 22. Bc4 Qf6 23. Rd6 Rfe8 24. Re1 Ne4 25. Rxe4 fxe4 26. h4 Kh8 27. Rd7
Re7 28. Nh5 Qa1+ 29. Kh2 Rxd7 30. Bxe6 Re7 31. Qd6 Rae8 0-1

[Event "C.to Italiano Semifinale"]
[Site "Saint Vincent - Chatillon ITA"]
[Date "1999.06.21"]
[Round "2"]
[White "Buchicchio, Giancarlo"]
[Black "Ciuffoletti, Paolo"]
[Result "0-1"]
[WhiteElo "1771"]
[BlackElo "2163"]
[PlyCount "88"]
[EventDate "1999.06.20"]

1. e4 c5 2. Nf3 Nc6 3. Bb5 e6 4. O-O Nge7 5. Re1 a6 6. Be2 d5 7. exd5 Nxd5 8.
c3 Be7 9. d4 cxd4 10. cxd4 O-O 11. Nc3 b5 12. Bd3 Bb7 13. Nxd5 Qxd5 14. Be4 Qd7
15. Be3 Rfd8 16. Qe2 Bf6 17. Red1 Qe7 18. Qc2 Nb4 19. Bxh7+ Kh8 20. Qb1 Bxf3
21. gxf3 g6 22. a3 Nd5 23. Bxg6 Rg8 24. Kh1 Rxg6 25. Qe4 Rc8 26. Rg1 Rcg8 27.
Rg3 Rxg3 28. hxg3 Nxe3 29. Qxe3 Rd8 30. Kg2 Bxd4 31. Qe4 Bxb2 32. Rb1 Bg7 33.
Rc1 Kg8 34. Rc6 Qxa3 35. Rxe6 Qa4 36. Qf5 fxe6 37. Qxe6+ Kf8 38. Qf5+ Ke7 39.
Qc5+ Rd6 40. Qc7+ Rd7 41. Qc5+ Kd8 42. Qb6+ Rc7 43. Qd6+ Kc8 44. Qe6+ Kb7 0-1